Statistics for Top 50 Most Followed Instagram Users

Click here to take the quiz!

General Stats

  • This quiz has been taken 39 times
  • The average score is 17 of 50

Answer Stats

RankFollowersCountryAccount% Correct
1627 mCristiano Ronaldo
100%
2502 mLionel Messi
97%
28152 mRihanna
69%
12292 mJustin Bieber
64%
9310 mKhloé Kardashian
64%
7364 mKim Kardashian
64%
19220 mNeymar
64%
29146 mDrake
58%
4400 mKylie Jenner
58%
11294 mKendall Jenner
56%
5398 mDwayne Johnson
53%
18224 mKourtney Kardashian
53%
4884.2 mJennie
50%
14283 mTaylor Swift
50%
6380 mAriana Grande
44%
4388.6 m / Dua Lipa
44%
25159 mLeBron James
44%
3429 mSelena Gomez
44%
4190.6 mShakira
42%
35113 mKylian Mbappé
39%
8319 mBeyoncé
36%
21207 mKaty Perry
33%
22184 mZendaya
31%
17229 mNicki Minaj
28%
36109 mGal Gadot
25%
16253 mJennifer Lopez
22%
20217 mMiley Cyrus
22%
24168 mCardi B
19%
23180 mKevin Hart
19%
15268 mVirat Kohli
19%
33120 mBillie Eilish
17%
4687.1 mDavid Beckham
17%
32*126 mFC Barcelona
17%
10*307 mNike
17%
4091 mPriyanka Chopra
17%
27*155 mReal Madrid CF
17%
26157 mDemi Lovato
14%
31139 mEllen DeGeneres
14%
4488.3 mNarendra Modi
14%
30145 mChris Brown
11%
5083 mKhabane Lame
11%
38102 mLisa
11%
45*87.6 m / NBA
11%
4786.5 mSnoop Dogg
11%
34*114 mUEFA Champions League
11%
4984.1 m / Alia Bhatt
8%
13*284 mNational Geographic
8%
4288.9 mShraddha Kapoor
8%
37102 mVin Diesel
8%
39*98.2 mNASA
6%

Score Distribution

Percentile by Number Answered

Percent of People with Each Score

Your Score History

You have not taken this quiz